Metodología científica de las lenguas vivas / (Registro nro. 144099)

Detalles MARC
000 -LEADER
campo de control de longitud fija 00725nam a2200193 4500
001 - NÚMERO DE CONTROL
campo de control 144099
003 - IDENTIFICADOR DE NÚMERO DE CONTROL
campo de control ES-MaACL
005 - FECHA Y HORA DE LA ÚLTIMA TRANSACCIÓN
campo de control 20230906200937.0
007 - CAMPO FIJO DE DESCRIPCIÓN FÍSICA--INFORMACIÓN GENERAL
campo de control de longitud fija t|
008 - DATOS DE LONGITUD FIJA--INFORMACIÓN GENERAL
campo de control de longitud fija 070214s1947 sp r ||||1| spa d
100 1# - ENTRADA PRINCIPAL--NOMBRE DE PERSONA
Nombre de persona Sicart, Pablo.
9 (RLIN) 106188
245 10 - MENCIÓN DEL TÍTULO
Título Metodología científica de las lenguas vivas /
Mención de responsabilidad, etc. Pablo Sicart.
260 ## - PUBLICACIÓN, DISTRIBUCIÓN, ETC.
Lugar de publicación, distribución, etc. Madrid :
Nombre del editor, distribuidor, etc. Estades,
Fecha de publicación, distribución, etc. 1947.
300 ## - DESCRIPCIÓN FÍSICA
Extensión 105 p. :
Otras características físicas il. ;
Dimensiones 21 cm.
500 ## - NOTA GENERAL
Nota general Precede al tít.: Ministerio de Educación Nacional, Dirección General de Enseñanza Profesional y Técnica.
710 2# - ENTRADA AGREGADA--NOMBRE DE ENTIDAD CORPORATIVA
Nombre de entidad corporativa o nombre de jurisdicción como elemento de entrada España.
Unidad subordinada Ministerio de Educación Nacional.
-- Dirección General de Enseñanza Profesional y Técnica.
9 (RLIN) 220962
852 ## - LOCALIZACIÓN
Ubicación ES-MaACL
Número de control de estantería 1896-F-2
Sublocalización o colección R.26919
Existencias
Estatus retirado Estado de pérdida Estado de daño No para préstamo Colección Biblioteca de origen Biblioteca actual Ubicación en estantería Fecha de adquisición Fuente de adquisición Total de préstamos Signatura topográfica completa Código de barras Visto por última vez Precio de reemplazo Tipo de ítem Koha
        Colección de folletos Biblioteca del Ateneo de Madrid Biblioteca del Ateneo de Madrid Depósito folletos 17/01/2008     1896-F-2 1149923 23/02/2023 23/02/2023 Folleto